000 00562nam a22002057a 4500
001 32749
003 BD-RjUL
005 20211209051905.0
008 140428s1951 pk ||||| |||| 00| 0 eng d
035 _a(BD-RjUL)32839
040 _aBD-RjUL
_beng
_cBD-RjUL
_dBD-RjUL
041 _aeng
082 0 0 _bBRM 1951
_a297.09045
100 1 _a Brelvi, Mahmud
_998688
245 1 0 _aMuslims in Arabia and Africa /
_cby Mahmud Brelvi
260 _aKarachi :
_bFerozsons,
_c[1951.
300 _axx, 337p. :
_bill. ;
_c21cm.
650 0 _aMuslims
_9100015
942 _2ddc
_cBK
999 _c32749
_d32749